000 00636nam a2200229 i 4500
001 C2-0148581
003 PPAK
005 20180727131610.0
008 980318s1984 enka|||| ||||| | eng d
040 _aPPAK
_beng
_cPPAK
_erda
082 0 4 _a823
_223
090 0 0 _a823
_bBEN
_dK
100 1 _aBennett, Jill,
_eauthor
245 1 0 _aJack and the robbers
264 1 _aOxford :
_bOxford University Press ,
_c1984
300 _a[30 pages] :
_bcolour illustrations ;
_c21 cm
336 _2rdacontent
_atext
337 _2rdamedia
_aunmediated
338 _2rdacarrier
_avolume
650 1 0 _aChildren's stories, English
942 _ddc
_cB
999 _c47030
_d47030